Unit 1 Ecclesiastical Latin Vocab - Statistics

General Stats
  • This quiz has been taken 120 times
    106 since last reset
  • The average score is 19 of 27
Answer Stats
Latin English % Correct
terra, terrae, f. earth, land, ground
91%
famīlia, famīliae, f. household, family
91%
nātūra, nātūrae, f. nature
89%
aqua, aquae, f. water
89%
et (1. coord. conj.; 2. intensifying adv.) 1. and, 2. even, too
88%
glōria, glōriae, f. glory
88%
vīta, vītae, f. life
88%
cum (prep. + abl.) with
84%
hōra, hōrae, f. hour
82%
culpa, culpae, f. blame, fault
80%
in (prep.: 1. + acc.; 2. + abl.) 1. into, onto; against; for (the purpose of) 2. in, on; among; by means of, with
80%
grātia, grātiae, f. grace; favor, credit; pl., thanks
79%
prō (prep. + abl.) in front of; on behalf of, for; instead of, on behalf of
79%
doctrīna, doctrīnae, f. teaching, doctrine
79%
ecclēsia, ecclēsiae, f. church; assembly
77%
ad (prep. + acc.) to, toward; for (the purpose for); at
73%
sine (prep. + abl.) without
71%
pāpa, pāpae, m. Pope
68%
ē (ex) (prep. + abl.) from, out of
64%
super (prep.: 1. + acc.; 2. + abl.) 1. above, upon; over, 2. about, concerning
63%
cēna, cēnae, f. supper, dinner
57%
missa, missae, f. Mass
55%
(prep. + abl.) from, down from; about, concerning
54%
ā (ab, abs) (prep. + abl.) from, away from
50%
-que (enclitic coord. conj.) and
43%
et ... et both ... and
30%
cōram (prep. + abl.) in the presence of
18%
No matching quizzes found
Score Distribution
Percent of People with Each Score
Percentile by Number Answered
Your Score History
You have not taken this quiz since the last reset